<?xml version="1.0" encoding="UTF-8"?>
<record
    xmlns:xsi="http://www.w3.org/2001/XMLSchema-instance"
    xsi:schemaLocation="http://www.loc.gov/MARC21/slim http://www.loc.gov/standards/marcxml/schema/MARC21slim.xsd"
    xmlns="http://www.loc.gov/MARC21/slim">

  <leader>02172nam a2200325 a 4500</leader>
  <controlfield tag="001">000015354</controlfield>
  <controlfield tag="003">DO-SdBPM</controlfield>
  <controlfield tag="005">20251009113720.0</controlfield>
  <controlfield tag="007">ta</controlfield>
  <controlfield tag="008">100205s2008    dr d    000   spa d</controlfield>
  <datafield tag="040" ind1=" " ind2=" ">
    <subfield code="a">DO-SdBNP</subfield>
    <subfield code="b">spa</subfield>
    <subfield code="c">BPMSU  </subfield>
    <subfield code="d">rda</subfield>
  </datafield>
  <datafield tag="049" ind1=" " ind2=" ">
    <subfield code="a"> </subfield>
  </datafield>
  <datafield tag="082" ind1=" " ind2="4">
    <subfield code="a">303.4833</subfield>
    <subfield code="b">R426a 2008</subfield>
    <subfield code="2">22</subfield>
  </datafield>
  <datafield tag="110" ind1="1" ind2=" ">
    <subfield code="a">Rep&#xFA;blica Dominicana. </subfield>
    <subfield code="b">Oficina Nacional de Estad&#xED;stica</subfield>
  </datafield>
  <datafield tag="245" ind1="1" ind2="0">
    <subfield code="a">Adopci&#xF3;n y uso de tecnolog&#xED;as de la informaci&#xF3;n y la comunicaci&#xF3;n (TIC) en la Rep&#xFA;blica Dominican.</subfield>
  </datafield>
  <datafield tag="264" ind1=" " ind2=" ">
    <subfield code="a">Santo Domingo :</subfield>
    <subfield code="b">Departamento de investigaciones, Oficina Nacional de Estad&#xED;stica (ONE),</subfield>
    <subfield code="c">2008.</subfield>
  </datafield>
  <datafield tag="300" ind1=" " ind2=" ">
    <subfield code="a">43 p&#xE1;ginas  :</subfield>
    <subfield code="b">Gr&#xE1;ficos ;</subfield>
    <subfield code="c">21 cm.</subfield>
  </datafield>
  <datafield tag="336" ind1=" " ind2=" ">
    <subfield code="a">texto</subfield>
    <subfield code="b">txt</subfield>
    <subfield code="2">rdacontent</subfield>
  </datafield>
  <datafield tag="337" ind1=" " ind2=" ">
    <subfield code="a">sin mediaci&#xF3;n</subfield>
    <subfield code="b">n</subfield>
    <subfield code="2">rdamedia</subfield>
  </datafield>
  <datafield tag="338" ind1=" " ind2=" ">
    <subfield code="a">volumen</subfield>
    <subfield code="b">nc</subfield>
    <subfield code="2">rdacarrier</subfield>
  </datafield>
  <datafield tag="500" ind1=" " ind2=" ">
    <subfield code="a">El documento analiza los patrones de adopci&#xF3;n de equipamiento y TIC en los hogares as&#xED; como en el uso de estos &#xFA;ltimos por parte de los individuos e indaga sobre los determinantes de dichos procesos de adopci&#xF3;n y uso de la TIC.</subfield>
  </datafield>
  <datafield tag="504" ind1=" " ind2=" ">
    <subfield code="a">Bibliograf&#xED;a : (p&#xE1;ginas 43)</subfield>
  </datafield>
  <datafield tag="505" ind1="0" ind2=" ">
    <subfield code="a">Presentaci&#xF3;n 7 -- Introducci&#xF3;n 9 -- Antecedentes 11 -- La encuesta nacional de hogares de prop&#xF3;sitos m&#xFA;ltiples 2005. 12 -- Marco referencial 14  -- El cambio tecnol&#xF3;gico -- Las tecnolog&#xED;as de la informaci&#xF3;n y la comunicaci&#xF3;n  15 -- Adopci&#xF3;n tecnol&#xF3;gica y evaluaci&#xF3;n de las TIC en los hogares de Rep&#xFA;blica Dominicana 17 -- Evoluci&#xF3;n del equipamiento de los hogares 18   -- Una perspectiva regional  21 -- Patrones de adopci&#xF3;n tecnol&#xF3;gica en los hogares dominicanos 26 -- Caracter&#xED;sticas de los hogares y patrones de adopci&#xF3;n tecnol&#xF3;gica 28 -- acceso individual a TIC 29 -- Segmentaci&#xF3;n usuarios TIC 31 --Factores determinantes de la adopci&#xF3;n de TIC en los hogaress y usuarios dominicanos 35 -- Conclusiones 40 -- Bibliograf&#xED;a 43.</subfield>
  </datafield>
  <datafield tag="590" ind1=" " ind2=" ">
    <subfield code="a">Inventariado, 2025/VM</subfield>
  </datafield>
  <datafield tag="650" ind1=" " ind2="7">
    <subfield code="a">Hogares </subfield>
    <subfield code="x">Estad&#xED;sticas</subfield>
    <subfield code="z">Rep&#xFA;bica Dominicana </subfield>
  </datafield>
  <datafield tag="650" ind1=" " ind2="7">
    <subfield code="a">Tecnolog&#xED;a de la Informaci&#xF3;n </subfield>
    <subfield code="z"> Rep&#xFA;bica Dominicana </subfield>
    <subfield code="x">Estad&#xED;sticas </subfield>
  </datafield>
  <datafield tag="650" ind1=" " ind2="7">
    <subfield code="a">Telecomunicaciones</subfield>
    <subfield code="z">Rep&#xFA;bica Dominicana </subfield>
    <subfield code="x">Estad&#xED;sticas</subfield>
  </datafield>
  <datafield tag="910" ind1=" " ind2=" ">
    <subfield code="a">VMateo V. Control de calidad. BPMSU</subfield>
  </datafield>
  <datafield tag="942" ind1=" " ind2=" ">
    <subfield code="2">ddc</subfield>
    <subfield code="c">BK</subfield>
  </datafield>
  <datafield tag="952" ind1=" " ind2=" ">
    <subfield code="0">0</subfield>
    <subfield code="1">0</subfield>
    <subfield code="2">ddc</subfield>
    <subfield code="7">0</subfield>
    <subfield code="8">CD</subfield>
    <subfield code="a">BPMET</subfield>
    <subfield code="b">BPMET</subfield>
    <subfield code="d">2025-10-09</subfield>
    <subfield code="l">0</subfield>
    <subfield code="o">BPMSU CD 303.4833 R426a 2008</subfield>
    <subfield code="p">BPMSU25100001</subfield>
    <subfield code="r">2025-10-09</subfield>
    <subfield code="w">2025-10-09</subfield>
    <subfield code="y">BK</subfield>
  </datafield>
  <datafield tag="952" ind1=" " ind2=" ">
    <subfield code="0">0</subfield>
    <subfield code="1">0</subfield>
    <subfield code="2">ddc</subfield>
    <subfield code="7">0</subfield>
    <subfield code="8">CD</subfield>
    <subfield code="a">BPMET</subfield>
    <subfield code="b">BPMET</subfield>
    <subfield code="d">2025-10-09</subfield>
    <subfield code="l">0</subfield>
    <subfield code="o">BPMSU CD 303.4833 R426a 2008</subfield>
    <subfield code="p">BPMSU25100002</subfield>
    <subfield code="r">2025-10-09</subfield>
    <subfield code="t">e.2</subfield>
    <subfield code="w">2025-10-09</subfield>
    <subfield code="y">BK</subfield>
  </datafield>
  <datafield tag="952" ind1=" " ind2=" ">
    <subfield code="0">0</subfield>
    <subfield code="1">0</subfield>
    <subfield code="2">ddc</subfield>
    <subfield code="7">0</subfield>
    <subfield code="8">CD</subfield>
    <subfield code="a">BPMET</subfield>
    <subfield code="b">BPMET</subfield>
    <subfield code="d">2025-10-09</subfield>
    <subfield code="l">0</subfield>
    <subfield code="o">BPMSU CD 303.4833 R426a 2008</subfield>
    <subfield code="p">BPMSU25100003</subfield>
    <subfield code="r">2025-10-09</subfield>
    <subfield code="t">e.3</subfield>
    <subfield code="w">2025-10-09</subfield>
    <subfield code="y">BK</subfield>
  </datafield>
  <datafield tag="999" ind1=" " ind2=" ">
    <subfield code="c">15424</subfield>
    <subfield code="d">15424</subfield>
  </datafield>
</record>
